| 000 | 00507nam a22001577a 4500 | ||
|---|---|---|---|
| 003 | OSt | ||
| 005 | 20221006211701.0 | ||
| 008 | 221006b |||||||| |||| 00| 0 eng d | ||
| 040 | _cBiblioteca Lado V | ||
| 082 |
_a700.4521 _bM986f |
||
| 110 |
_9110 _aMuseo Nacional de Bellas Artes _bautor |
||
| 245 |
_aFemenino Plural/ _bArte al borde del tercer milenio/ |
||
| 260 |
_aBuenos Aires _bTalleres Gráficos Ripoll _c1998 |
||
| 300 |
_a134p. _c17x24cm |
||
| 942 |
_2ddc _c1 _h700.4521 _iM986f _n0 |
||
| 999 |
_c2221 _d2221 |
||